Football dreams /

Bibliographic Details
Main Author: Gaĭ, David Iosifovich
Format: Book
Language:English
Published: New York : Seaview Books, [1980]
Edition:1st ed.

MARC

Tag First Indicator Second Indicator Subfields
LEADER 00000pam a2200000 a 4500
001 in00000090641
005 20151008065729.0
008 800604s1980 nyu 00011 engm
010 |a  80050551  
020 |a 0872236242 
035 |a (OCoLC)06447791 
035 |9 AAK6478AM 
040 |a DLC  |c DLC  |d m.c.  |d TXA  |d UtOrBLW 
049 |a [Curr Col] TXAM  |c [1561777] 
050 0 0 |a PS3557.U89  |b F6 
082 0 |a 813/.54 
100 1 |a Gaĭ, David Iosifovich. 
245 1 0 |a Football dreams /  |c David Guy. 
250 |a 1st ed. 
264 1 |a New York :  |b Seaview Books,  |c [1980] 
264 4 |c ©1980 
300 |a 314 pages ;  |c 22 cm. 
336 |a text  |b txt  |2 rdacontent 
337 |a unmediated  |b n  |2 rdamedia 
338 |a volume  |b nc  |2 rdacarrier 
999 |a MARS 
999 f f |s 9c9b1222-3666-3eae-a35a-82fbf31b3276  |i b67ddf2b-e28e-3299-b99b-2d544f5d454d  |t 0 
952 f f |p ric  |a Texas A&M University  |b Rellis Campus  |c Joint Library Facility  |d Remote Storage  |t 0  |e PS3557.U89 F6  |h Library of Congress classification  |i unmediated -- volume  |m A14805991164 
998 f f |a PS3557.U89 F6  |t 0  |l Remote Storage